Представление документа в формате MARC21

ПолеНазваниеЗначение
  Тип записи a
  Библиографический уровень m
001 Контрольный номер RU\infra-m\znanium\bibl\2218027
005 Дата корректировки 20260429142341.1
008 Кодируемые данные 260119s2026 RU g rus u
020 Индекс ISBN __
a ISBN 978-5-8199-0757-3
020 Индекс ISBN __
a ISBN 978-5-16-106294-4 (электр. издание)
020 Индекс ISBN __
a ISBN 978-5-16-013632-5 (ISBN соиздателя)
040 Источник каталогиз. __
a Служба первич. каталог. Общество с ограниченной ответственностью «ЗНАНИУМ»
041 Код языка издания __
a Код языка текста rus
044 Код страны публикации __
a Код страны публикации RU
080 Индекс УДК __
a Индекс УДК 004.6(075.8)
084 Индекс другой классификации/Индекс ББК __
2 Источник индекса rubbk
a Индекс другой классификации/Индекс ББК 32.973я73
084 Индекс другой классификации/Индекс ББК __
2 Источник индекса okso
a Индекс другой классификации/Индекс ББК 09.03.02
084 Индекс другой классификации/Индекс ББК __
2 Источник индекса okso
a Индекс другой классификации/Индекс ББК 09.03.04
084 Индекс другой классификации/Индекс ББК __
2 Источник индекса okso
a Индекс другой классификации/Индекс ББК 09.04.02
100 Автор __
a Автор Мартишин С.А.
q Полное имя Мартишин Сергей Анатольевич
u Дополнение Институт системного программирования Российской академии наук
245 Заглавие __
a Заглавие Основы теории надежности информационных систем
b Продолж. заглавия Учебное пособие
c Ответственность Институт системного программирования Российской академии наук; Российский государственный социальный университет
250 Сведения об издании __
a Основные сведения об издании 1
260 Выходные данные __
a Место издания Москва
b Издательство Издательский Дом "ФОРУМ"
c Дата издания 2026
300 Физическое описание __
a Объем 255 с.
440 Серия __
a Серия Высшее образование: Бакалавриат
520 Аннотация __
a Аннотация Пособие предназначено для получения теоретических и практических навыков при изучении дисциплин: «Проектирование информационных систем» «Надежность эргономика и качество АСОИиУ» «Человеко-машинное взаимодействие» «Проектирование программного обеспечения АСОИиУ» «Базы данных». Также может быть использовано при изучении дисциплин: «Управление данными» «Технологии обработки информации» «Инструментальные средства информационных систем» «Методы и средства проектирования информационных систем и технологий». Для студентов высших учебных заведений обучающихся по направлениям 09.03.02 «Информационные системы и технологии» 09.03.01 «Информатика и вычислительная техника» 27.03.04 «Управление в технических системах» а также 09.03.04 «Программная инженерия» для аспирантов специалистов в областях проектирования информационных систем автоматизированной обработки информации и управления и человеко-машинного взаимодействия а также для лиц занимающихся самообразованием.
521 Примеч. о цел. назн. __
a Примеч. о целев. назн. ВО - Бакалавриат
650 Тематические рубрики __
a Основная рубрика Информатика. Вычислительная техника
x Основная подрубрика Общая информатика
655 Указ. предметных рубрик (устаревшее) __
a Жанр/ форма (устаревшее) Учебное пособие
700 Другие авторы __
a Другие авторы Симонов В.Л.
q Полное имя Симонов Владимир Львович
u Дополнение Российский государственный социальный университет
700 Другие авторы __
a Другие авторы Храпченко М.В.
q Полное имя Храпченко Марина Валерьевна
u Дополнение Институт системного программирования Российской академии наук
856 Электронный адрес документа 4_
a Имя сервера/домена znanium.ru
m Помощь ebs_support@infra-m.ru
n Местонахождение сервера НИЦ ИНФРА-М
u URL https://znanium.ru/catalog/document?id=476639
856 Электронный адрес документа 48
a Имя сервера/домена znanium.ru
d Путь /cover/2218
f Электронное имя 2218027.jpg
q Тип электронного формата image/jpeg
u URL https://znanium.ru/cover/2218/2218027.jpg
911 __
u 0030=https://znanium.ru/catalog/document?id=476639
911 __
u 712a=Российский государственный социальный университет